Statistics for June 22nd: Birthdays

Click here to take the quiz!

General Stats

  • This quiz has been taken 4 times
  • The average score is 4 of 13

Answer Stats

YearClueAnswer% Correct
1949Actress in Sophie's ChoiceMeryl Streep
75%
1906Directed Some Like It HotBilly Wilder
50%
1962NBA Star for the Houston RocketsClyde Drexler
50%
1964Wrote the Da Vinci CodeDan Brown
50%
1903Notorious Bank RobberJohn Dillinger
50%
1947NBA Star for the Atlanta HawksPete Maravich
50%
1906Wrote Gift from the SeaAnne Lindbergh
25%
1949US SenatorElizabeth Warren
25%
1837Has a checkmate named after himPaul Morphy
25%
1903Pitcher for the GiantsCarl Hubbell
0%
1918Founded the 1st modern hospiceCicely Saunders
0%
1971Actress in 24Mary Rajskub
0%
1974Poove UnakkagaVijay
0%

Score Distribution

Percentile by Number Answered

Percent of People with Each Score

Your Score History

You have not taken this quiz